000 00567nam a2200205 4500
999 _c12876
_d12876
003 MIRAKIL
005 20190308112524.0
008 190308b tu ||||| |||| 00| 0 tur d
020 _a082831900x
040 _aTR-AnCHP
_cTR-AnCHP
041 _aeng
082 _a364.6833716
_bB31a 2008
100 _aBeccaria, Cesare.
245 1 0 _aAn essay on crimes and punishments/
_cCesare Beccaria
260 _aLondra:
_bİnternational Pocket Library,
_c2008.
300 _a104 s.:
_c22 sm.
504 _aDizin vardır.
600 0 _95372
_aceza
_xAvrupa
942 _2ddc
_cBKS